LEADER 01339nam a2200325 u 4500 001 000000008900 003 CaOOAMICUS 005 20070226105138.0 008 941207s1951 fr u000 u fre u 035 $a10227367 040 $aPUL$bita 041 1 $afre$alat 100 0 $aOrigenes,$d184-253.$0(OLS)http://pul/name/1274 240 10$aIn Numeros homiliae$9(Origenes, c. 185-c. 254).$lFrancese.$0(OLS)http://pul/title/13067 245 10$aHomélies sur les Nombres. /$cIntrod. et traduction de André Méhat. 260 $aParis :$bLes Éditions du Cerf,$c1951. 300 $a570 p. ;$c21 cm 490 1 $aSources chrétiennes ;$v29 500 $aFrench text only. 504 $aBibliographical footnotes. 630 04$aBiblia.$pV.T.$pNumeri$xCommenti.$0(OLS)http://pul/subject/7431 700 1 $aMéhat, André.$0(OLS)http://pul/name/8880 830 0$aSources chrétiennes ;$v29.$0(OLS)http://pul/title/45 850 $aPUL 852 $aPUL$W1$xSL Religione 2$y84$mTheol E3 29$j12554$nBK-PRI$b $qStampati altre collocazioni$B12554$CPULBib$Z2$F12554 $H $81 900 $aOrigene,$d184-253$91274 941 1 $a10 961 $aINV: 15340 996 $6245$aHomélies sur les Nombres.$9(OLS)http://pul/title/13068 996 $6260$aParis :$bLes Éditions du Cerf$9(OLS)http://pul/publisher/47861 LEADER 01054nam a2200229 u 4500 001 000000087885 003 CaOOAMICUS 005 20070226124444.0 008 051021s1957 it u000 u ita u 035 $a11065094 040 $aPUL(R)$bita 100 1 $aBonatto, Giulio,$csac.$0(OLS)http://pul/name/34232 245 10$aAdjumenta doctrinae :$bsussidi offerti agli insegnanti per l'insegnamento della religione nelle scuole medie superiori /$cMons. Giulio Bonatto. 260 $aPinerolo :$bAlzani,$c1957. 300 $a495 p. ;$c19 cm 504 $aBibliografia in nota. 650 4$aReligione e insegnamento.$0(OLS)http://pul/subject/339 850 $aPUL 852 $aPUL$W1$xDP1 Fondo Pastorale$y55$mP3 C 20$j111378$nBK-PRI$b $qFondi$B111378$CPULBib$Z2$F111378 $HPUL795 $81 941 1 $a1 996 $6245$aAdjumenta doctrinae :$bsussidi offerti agli insegnanti per l'insegnamento della religione nelle scuole medie superiori$9(OLS)http://pul/title/113650 996 $6260$aPinerolo :$bAlzani$9(OLS)http://pul/publisher/66783